000 00302nam a22001337a 4500
008 171201b xxu||||| |||| 00| 0 eng d
020 _a9780801304866
041 _aeng
080 _23RD
_a37
100 _a46
101 _aEDU
245 _aAPPLYING EDUCATIONAL RESEARCH
_cBORG,W.R
942 _2udc
_cBK
999 _c38680
_d38680